|
|
|
|
| LEADER |
00000nab a2200000 a 4500 |
| 001 |
vtls000573159 |
| 003 |
SK-MaSNL |
| 005 |
20260526033856.0 |
| 008 |
250425c1996 xo 0 slo |
| 015 |
|
|
|a SNBRB19rr/mm-uuuuu
|
| 035 |
|
|
|a CL0573297
|
| 035 |
|
|
|a urn:nbn:sk:snk-ab20ux
|
| 035 |
|
|
|a (urnnbn)urn:nbn:sk:snk:ar-a01dr5
|
| 035 |
|
|
|a (uuid)20abaf03-c234-4846-af13-717ef9016c1e
|
| 040 |
|
|
|a SNKBUCL
|b slo
|c SNKBUCL
|e AACR2
|
| 041 |
0 |
|
|a slo
|
| 044 |
|
|
|a xo
|c SK
|
| 080 |
|
|
|a 78.036(4):73/76.036(4):061.3
|2 1981
|
| 080 |
|
|
|a 73/76.036(4)
|2 1981
|
| 100 |
1 |
|
|a Bokes, Vladimír,
|d 1946-2024
|4 aut
|9 228428
|
| 245 |
1 |
0 |
|a Súčasné umenie a východná Európa
|b Správa o stave súčasnej hudby...
|c Vladimír Bokes
|
| 650 |
0 |
7 |
|a hudba súčasná
|2 snkbucl
|9 898239
|
| 650 |
0 |
7 |
|a umenie výtvarné súčasné
|2 snkbucl
|9 993919
|
| 651 |
|
7 |
|a Európa východná
|2 snkbucl
|9 167635
|
| 655 |
|
7 |
|a články z novín a časopisov
|2 snkbucl
|9 267496
|
| 773 |
0 |
|
|t Hudobný život '96
|g Roč. 28, č. 2 (1996), s. 7
|
| 850 |
|
|
|a Slovenská národná knižnica
|
| 852 |
|
|
|a Slovenská národná knižnica
|
| 954 |
|
|
|a odborná, vedecká literatúra pôvodná (slovenská)
|2 lita
|
| 958 |
|
|
|a article27
|
| 958 |
|
|
|a OND
|
| 958 |
|
|
|a RK
|
| 958 |
|
|
|a EUIPO
|
| 992 |
|
|
|a RBX
|
| 999 |
|
|
|c 2822548
|d 2824478
|